000 01141nam a2200325 i 4500
999 _c46992
_d46992
001 768714001
003 CO-MdFUSB
005 20200526181837.0
007 ta
008 160825t1990 enk||||f |||| 00| 0 eng d
020 _a0567082563
040 _aCO-MdFUSB
_bEspañol
_cCO-MdFUSB
_dCO-MdFUSB
_erda
041 _aeng
082 _224
_a226.4
_bSE461d
100 1 _aSeim, Turid Karlsen
_dautor
245 1 4 _aThe double message :
_bpatterns of gender in Luke-Acts
_c / Turid Karlsen Seim
264 1 _aLondres :
_bT & T Clark International,
_c[1990]
264 4 _c©1990
300 _a301 páginas
_c; 23 cm
336 _2rdacontent
_atexto
_btxt
337 _2rdamedia
_asin mediación
_bn
338 _2rdacarrier
_avolumen
_bnc
505 _aLucas y mujeres - Tanto los hombres como las mujeres - ¿Ves a esta mujer? - ¿Te acuerdas de cómo te lo dijo? - Las hijas que profetizan - Ellas ni se casan, ni tampoco se dan en matrimonio - El doble mensaje
563 _aRústico
630 0 7 _aBiblia.
_pNuevo Testamento
650 7 _9327
_aMujeres en la Biblia
942 _cBK
945 _aJTF-925